| 000 | 01382nam a22002417a 4500 | ||
|---|---|---|---|
| 003 | Uzh_bibl | ||
| 008 | 260407b |||||||| |||| 00| 0 ukr d | ||
| 020 |
_a966-7991-90-3 _c103.00 |
||
| 040 | _bукр. | ||
| 041 |
_2ukr _aukr |
||
| 080 | _a398.9(477) | ||
| 090 |
_a398.9(477) _bУ 45 |
||
| 100 | _a | ||
| 245 |
_aУкраїнські прислів'я, приказки для дітей _cупоряд.В.П.Товстий _hТекст |
||
| 260 |
_aХарків _bПромінь _c2006 |
||
| 300 |
_a64 с. _bіл. _fВ опр. |
||
| 520 | _aУкраїнські прислів’я та приказки — скарбниця народної мудрості. Вони свідчать про гострий розум народу, про його естетичні почуття, високу мораль, уміння посміятися над своїми вадами, любов до рідної країни. Яскраві малюнки зроблять знайомство з українським фольклором приємним, пізнавальним та захоплюючими. | ||
| 521 | _aКнига розрахована на дітей шкільного віку. | ||
| 546 | _aукр. | ||
| 650 | _aЛітературно-художне видання | ||
| 655 | _aДитяча література | ||
| 942 |
_2udc _cBK |
||
| 999 |
_c17270 _d17270 |
||